000 01282cam a2200361 a 4500
005 20260322212023.0
008 data
010 _a 85025897
020 _a0870446479 (deluxe : alk. paper) :
_c{dollar}27.95
020 _a0870446460 (alk. paper) :
_c{dollar}17.95
020 _a9780870446467 (alk. paper) :
_c{dollar}17.95
020 _a9780870446474 (deluxe : alk. paper) :
_c{dollar}27.95
040 _aDLC
_cDLC
_dDLC
043 _an-us---
050 0 0 _aE159
_b.V57 1986
082 0 0 _a917.3/04927
_219
099 _a917.3 V57 1986
245 1 0 _aVisiting our past :
_bAmerica's historylands.
_cNational Geographic Society (U.S.).
250 _aRev. ed.
260 _aWashington, D.C. :
_bNational Geographic Society,
_cc1986.
300 _a400 p. :
_bill. (some col.) ;
_c29 cm.
440 0 _aWorld in color library.
500 _aIncludes index.
504 _aBibliography: p. 400.
650 0 _aHistoric sites
_zUnited States
_xGuidebooks.
650 0 _aMonuments
_zUnited States
_xGuidebooks.
650 0 _aHistoric sites
_zUnited States
_xPictorial works.
650 0 _aMonuments
_zUnited States
_xPictorial works.
651 0 _aUnited States
_xGuidebooks.
651 0 _aUnited States
_xPictorial works.
720 2 _aNational Geographic Society (U.S.)
001 data
999 _c519
_d519